000 00819nam a2200265Ia 4500
003 OSt
005 20220926015223.0
006 a|||||r|||| 00| 0
007 ta
008 220923b |||||||| |||| 00| 0 eng d
020 _a019520879X
037 _cGeneral Book
040 _aRTL
_cRTL
_beng
041 _2eng
_aeng
082 _aY9(L:5).1(X).N9, N2
100 _aFeachem Richard G A, and others Ed.
_9321747
245 0 _aHealth of adults in the developing world
260 _aNew York
_bOxford University Press
_c1992
300 _axv, 350p
_ccm.
500 _aBibliography chapterwise; Appendix: P 295-350
650 _a Medical Sociology
650 _aHealth
_9193789
942 _hY9(L:5).1(X).N9, N2
_cGB
_2CC
999 _c630789
_d630789